Vista normal
Vista MARC
Entrada Topical Term
Número de registros utilizados en: 1
001 - CONTROL NUMBER
- control field: 7990
003 - CONTROL NUMBER IDENTIFIER
- control field: OSt
005 - DATE AND TIME OF LATEST TRANSACTION
- control field: 20200728140015.0
008 - FIXED-LENGTH DATA ELEMENTS
- fixed length control field: 200728|| aca||aabn | a|a d
040 ## - CATALOGING SOURCE
- Original cataloging agency: OSt
- Transcribing agency: OSt
150 ## - HEADING--TOPICAL TERM
- Topical term or geographic name entry element: Presupuesto personal
670 ## - SOURCE DATA FOUND
- Source citation: Work cat.: (OSt)4481: Samper Gómez, María José, autora 7986, Mis finanzas personales : , 2010